| 000 | 00602 a2200181 4500 | ||
|---|---|---|---|
| 999 |
_c8545 _d8545 |
||
| 010 | _aENG-88504 | ||
| 020 |
_a8182201772 _c460.00 |
||
| 035 | _aEN-72037 | ||
| 037 | _bDBAD / PUB | ||
| 082 | 1 | 4 | _a658.3121 |
| 100 | _aSharma, Atul Kumar | ||
| 245 | 1 |
_aWork management/ _cby Atul Kumar Sharma |
|
| 260 |
_aNew Delhi _bGlobal Vision Publishing House _c2006 |
||
| 270 |
_aF-4j1st Floor, `hari sadan'. 20 Ansari Road, Daryaganj, _bNew Dehli _e110 002 |
||
| 300 |
_avi, 163p. _c22cm (Hb) |
||
| 500 | _aIncludes bibliographical references and index | ||
| 942 |
_adpl _cEN _2ddc _h658.3121 _mSHA |
||